Is nominal public but de facto private land ownership appropriate? <a> comparative study among Cambodia, Laos, Vietnam

Gespeichert in:
Bibliographische Detailangaben
1. Verfasser: Zhou, Jian-Ming
Format: Buch
Sprache:Englisch
Veröffentlicht: San Domenico (FI) European University Institute 1998
Schriftenreihe:EUI Working paper ECO No. 98/12
Schlagworte:
Tags: Tag hinzufügen
Keine Tags, Fügen Sie das erste Tag hinzu!

MARC

LEADER 00000nam a2200000 4500
001 c133166
005 20221109093800.1
041 0 |a eng 
044 |a IT 
245 1 0 |a Is nominal public but de facto private land ownership appropriate?  |b <a> comparative study among Cambodia, Laos, Vietnam  |c Jian-Ming Zhou 
264 1 |a San Domenico (FI)  |b European University Institute  |c 1998 
300 |a 25 s. 
490 1 |a EUI Working paper ECO  |v No. 98/12 
830 0 |a EUI Working paper ECO  |v No. 98/12 
610 2 0 |a hospodárstvo socialistické 
610 2 0 |a hospodárstvo trhové 
610 2 0 |a transformácia 
610 2 0 |a pôda 
610 2 0 |a vlastníctvo pozemkové 
610 2 0 |a vlastníctvo súkromné 
610 2 0 |a vlastníctvo štátne 
610 2 0 |a poľnohospodárstvo 
610 2 0 |a pôdohospodárstvo 
610 2 0 |a politika hospodárska 
610 2 0 |a modely 
610 2 0 |a štúdie prípadové 
610 2 0 |a Čína 
610 2 0 |a Kambodža 
610 2 0 |a Laos 
610 2 0 |a Vietnam 
610 2 0 |a Japonsko 
610 2 0 |a Thajsko 
610 2 0 |a Južná Kórea 
610 2 0 |a Severná Kórea 
100 1 |a Zhou, Jian-Ming